United Kingdom - Odd One Out - Statistics

General Stats
  • This quiz has been taken 1,208 times
    195 since last reset
  • The average score is 13 of 20
Answer Stats
Question Answer % Correct
Towns in Wales Falkirk
87%
Symbols of Scotland
86%
English Monarchs Robert the Bruce
86%
Daily National Newspapers The Age
84%
Supermarkets of British origin Lidl
83%
London landmarks
81%
Lines on the London Underground Riviera
78%
Animals native to Great Britain
72%
Counties of East Anglia Cumbria
71%
British TV Soap Operas Home and Away
69%
Towns on the East coast of England Blackpool
67%
Football stadiums located in or around Liverpool Stadium of Light
64%
Counties of Northern Ireland Limerick
57%
Roman roads of Britain Mancunian Way
57%
British islands Faroes
53%
Lochs of Scotland Bala
52%
Stars of the film 'Four Weddings and a Funeral'
51%
Rivers flowing through Scotland Usk
51%
British Prime Ministers during the 20th Century William Gladstone
45%
Official cities of the United Kingdom Northampton
35%
No matching quizzes found
Score Distribution
Percent of People with Each Score
Percentile by Number Answered
Your Score History
You have not taken this quiz since the last reset